Famous five (Record no. 550186)

000 -LEADER
fixed length control field 00416cam a22001451 4500
020 ## - INTERNATIONAL STANDARD BOOK NUMBER
International Standard Book Number 0861636872
082 ## - DEWEY DECIMAL CLASSIFICATION NUMBER
Classification number 808.068
Author Mark KNO
100 1# - MAIN ENTRY--PERSONAL NAME
Personal name Blyton, Enid.
9 (RLIN) 11689
245 10 - TITLE STATEMENT
Title Famous five
Statement of responsibility, etc. illustrated by Vera Neville.
Remainder of title Five go adventuring again;
260 ## - PUBLICATION, DISTRIBUTION, ETC.
Place of publication, distribution, etc. New York,
Name of publisher, distributor, etc. Crowell
Date of publication, distribution, etc. [1951]
300 ## - PHYSICAL DESCRIPTION
Extent 207 p.
Other physical details illus.
Dimensions 21 cm.
526 ## - STUDY PROGRAM INFORMATION NOTE
Program name 0
Interest level 0
Reading level 0
Title point value 808_068000000000000_KNO
650 ## - SUBJECT ADDED ENTRY--TOPICAL TERM
Topical term or geographic name entry element MCE
9 (RLIN) 379
942 ## - ADDED ENTRY ELEMENTS (KOHA)
Source of classification or shelving scheme
Koha item type Book
Holdings
Withdrawn status Lost status Source of classification or shelving scheme Damaged status Not for loan Permanent Location Current Location Date acquired Total Checkouts Full call number Barcode Date last seen Price effective from Koha item type
          Military College of Engineering (MCE) Military College of Engineering (MCE) 10/27/2014   808.068 KNO MCE-44381 10/27/2014 10/27/2014 Book
© 2023 Central Library, National University of Sciences and Technology. All Rights Reserved.